word start E [250 common english word] - Statistics

General Stats
  • This quiz has been taken 13 times
  • The average score is 3 of 6
Answer Stats
lp Answer % Correct
2 end
85%
4 even
62%
3 every
62%
1 each
54%
5 earth
23%
6 eye
23%
No matching quizzes found
Score Distribution
Percent of People with Each Score
Percentile by Number Answered
Your Score History
You have not taken this quiz